| 000 | 00515nam a2200181 a 4500 | ||
|---|---|---|---|
| 001 | 000035320 | ||
| 005 | 20200930074245.0 | ||
| 008 | 111027s1983 mx 000 0 spa d | ||
| 020 | _a9687064501 | ||
| 040 |
_aDO-SdBNP _bspa _cBNPHU |
||
| 082 |
_axxx _bR165c |
||
| 100 | 1 |
_aRamacharaka, Yogi, _d1862-1932 _961092 |
|
| 245 | 1 | 0 |
_aCiencia hindu-yogi de la respiración / _cYogi Ramacharaka. |
| 260 |
_aEspaƱa : _bLibro-Mex, _c1983. |
||
| 300 |
_a156 p. ; _c19 cm. |
||
| 490 | 1 | _aVida sana | |
| 830 | 0 |
_aVida sana _961093 |
|
| 999 |
_c34811 _d34811 |
||